000 00380nam a2200157 a 4500
005 20140414132105.0
008 100901s19uu xx 00 eng d
020 _a1581176740
050 _aER
_bB112 2008
245 _aBaby animals (Pop &touch).
250 _a
260 _aChina :
_bDalmatian Group,
_c2008.
300 _a11p
650 _aAnimals-
_xbaby.
999 _c114592
_d114592